Per Musi Scholarly Music Journal
Gespeichert in:
| Format: | Schriftenreihe |
|---|---|
| Sprache: | Englisch Spanisch |
| Veröffentlicht: |
Belo Horizonte
University Federal of Minas Gerais
|
| Tags: |
Keine Tags, Fügen Sie das erste Tag hinzu!
|
MARC
| LEADER | 00000nas1a2200000 4500 | ||
|---|---|---|---|
| 001 | 0297402 | ||
| 005 | 20250701092134.8 | ||
| 022 | |a 1517-7599 | ||
| 022 | |a 2317-6377 | ||
| 041 | 0 | |a eng | |
| 041 | 0 | |a spa | |
| 044 | |a BR | ||
| 245 | 1 | 0 | |a Per Musi |b Scholarly Music Journal |
| 264 | 1 | |a Belo Horizonte |b University Federal of Minas Gerais | |